História de Portugal (Registo nº 569)

Detalhes MARC
000 -Etiqueta do registo
Cabeçalho 00770cam a2200289 4500
005 - Identificador da versão
Campo de controlo 20240813121806.0
010 ## - Número internacional normalizado dos livros (ISBN)
Número (ISBN) 9722220810
021 ## - Número do Depósito Legal
Código do país PT
Número 169936/01
035 ## - Other System Control Numbers
System Control Number 0000592
System Control Number 0000588
System Control Number 0000588
System Control Number 0000578
100 ## - Dados gerais de processamento
Dados gerais de processamento 20020222d2001 a y0pory5003 ba
102 ## - Pais de publicação ou produção
País de publicação Portugal
101 0# - Língua de publicação
Língua do texto, banda sonora, etc. Português
106 ## - Campo de dados codificados: material textual
Dados codificados do material textual r
105 ## - Campo de dados codificados: livros
Dados codificados dos livros a z 001yy
215 ## - Descrição física 
Indicação específica da natureza do documento e extensão da espécie v.
Outras indicações físicas il.
Dimensões 29 cm
200 1# - Titulo e menção de responsabilidade
Título próprio História de Portugal
Primeira menção de responsabilidade António Leite da Costa
Outras menções de responsabilidade il. António Martins
210 ## - Publicação, Distribuição, etc. 
Lugar da edição, distribuição, etc. Lisboa
Nome do editor, distribuidor, etc. Verbo
Data da publicação, distribuição, etc. D.L. 2001-
675 ## - Classificação Decimal Universal (CDU)
Notação 94(469)
Edição BN
Língua da edição por
Edição BN
Língua da edição por
607 ## - Nome geográfico usado como assunto
Número de registo de entrada de autoridade 0000669
Palavra de ordem Portugal
Subdivisão de assunto História
Código do sistema SIPOR
702 #1 - Nome de autor-pessoa física (responsabilidade secundária)
Número de registo de entrada de autoridade 0000672
Palavra de ordem Martins
Outra parte do nome não tomada para palavra de ordem António
Datas 1951-
Código de função Ilustrador / Técnico de desenho computorizado
700 #1 - Nome de autor-pessoa física (responsabilidade principal)
Número de registo de entrada de autoridade 0000671
Palavra de ordem Costa
Outra parte do nome não tomada para palavra de ordem António Leite da
942 ## - Elementos de entrada adicionados (Koha)
Tipo de item no Koha Livro
Exemplares
Situação do levantamento Origin of item (home branch) (coded) Biblioteca de empréstimo Código de barras Circulation type (not for loan) Tipo de documento Nota do exemplar Damaged status
  Biblioteca Escolar Eng. Nuno Mergulhão Biblioteca Escolar Eng. Nuno Mergulhão BENM963   Cativo Sem mensagem